[Event "Novokuznetsk-ch"]
[Site "Novokuznetsk"]
[Date "2014.11.29"]
[Round "4"]
[White "Shukan, Mikhail"]
[Black "Vorobyova, Alyona"]
[Result "1/2-1/2"]
[WhiteElo "2067"]
[BlackElo "1984"]
[PlyCount "91"]
[EventDate "2014.11.16"]
[EventType "swiss"]
[EventRounds "9"]
[EventCountry "RUS"]
[SourceTitle "EXT 2016"]
[Source "ChessBase"]
[SourceDate "2015.10.08"]
[SourceVersion "1"]
[SourceVersionDate "2015.10.08"]
[SourceQuality "1"]

1. e4 c5 2. Nc3 Nc6 3. g3 g6 4. d3 Bg7 5. Bg2 d6 6. f4 e6 7. Nf3 Nge7 8. 0-0 0-0 9. Be3 Nd4 10. e5 Nef5 11. Bf2 Nxf3+ 12. Qxf3 Nd4 13. Qd1 dxe5 14. fxe5 Bxe5 15. Ne4 f5 16. Nxc5 Qc7 17. Na4 Qxc2 18. Qxc2 Nxc2 19. Rac1 Nd4 20. Rfe1 Bg7 21. Rc4 e5 22. Bxd4 exd4 23. Bd5+ Kh8 24. Rc7 Bf6 25. Kg2 Rb8 26. Nc5 b6 27. Nb3 Ba6 28. Nxd4 Bxd3 29. Nc6 Rbe8 30. Ne7 Bxe7 31. Rexe7 Rxe7 32. Rxe7 Rd8 33. Bb3 a5 34. Kf2 Be4 35. Ke3 g5 36. Bc4 h5 37. Re6 Rb8 38. Kd4 Kg7 39. Re7+ Kf6 40. Re6+ Kg7 41. Ke5 b5 42. Re7+ Kh6 43. Re6+ Kg7 44. Re7+ Kh6 45. Re6+ Kg7 46. Re7+ 1/2-1/2

[Event "Novokuznetsk-ch"]
[Site "Novokuznetsk"]
[Date "2014.11.22"]
[Round "2"]
[White "Shukan, Mikhail"]
[Black "Stepikov, Pavel"]
[Result "1-0"]
[WhiteElo "2067"]
[BlackElo "1695"]
[PlyCount "83"]
[EventDate "2014.11.16"]
[EventType "swiss"]
[EventRounds "9"]
[EventCountry "RUS"]
[SourceTitle "EXT 2016"]
[Source "ChessBase"]
[SourceDate "2015.10.08"]
[SourceVersion "1"]
[SourceVersionDate "2015.10.08"]
[SourceQuality "1"]

1. e4 c5 2. Nc3 e6 3. g3 Nc6 4. Bg2 g6 5. d3 Bg7 6. Be3 d6 7. Qd2 a6 8. Nge2 Nd4 9. Nd1 e5 10. c3 Nxe2 11. Qxe2 Nf6 12. 0-0 0-0 13. h3 Kh8 14. f4 Nh5 15. Kh2 Qc7 16. f5 Nf6 17. g4 Ng8 18. g5 f6 19. fxg6 hxg6 20. Qe1 fxg5 21. Bxg5 Nf6 22. Ne3 Be6 23. Qh4+ Nh7 24. Nd5 Bxd5 25. exd5 Rf5 26. Be3 Bf6 27. Qg4 Rxf1 28. Rxf1 Qg7 29. Be4 Rg8 30. Rg1 g5 31. Rf1 Rf8 32. Qh5 Be7 33. Rxf8+ Bxf8 34. Bxg5 Kg8 35. Bh4 Qh6 36. Qxh6 Bxh6 37. Bxh7+ Kxh7 38. Be7 b5 39. Bxd6 Bf4+ 40. Kg2 c4 41. dxc4 bxc4 42. Kf3 1-0

[Event "Novokuznetsk U21 op"]
[Site "Novokuznetsk"]
[Date "2014.06.20"]
[Round "9"]
[White "Marjina, Arina"]
[Black "Shukan, Mikhail"]
[Result "1/2-1/2"]
[WhiteElo "1957"]
[BlackElo "2043"]
[PlyCount "113"]
[EventDate "2014.06.15"]
[EventType "swiss"]
[EventRounds "9"]
[EventCountry "RUS"]
[SourceTitle "EXT 2015"]
[Source "ChessBase"]
[SourceDate "2014.11.20"]
[SourceVersion "1"]
[SourceVersionDate "2014.11.20"]
[SourceQuality "1"]

1. d4 Nf6 2. c4 e5 3. dxe5 Ng4 4. Bf4 Bb4+ 5. Nd2 Nc6 6. Ngf3 Qe7 7. a3 Ngxe5 8. Nxe5 Nxe5 9. Qc2 Bxd2+ 10. Bxd2 d6 11. e3 Bd7 12. b4 0-0 13. Rc1 f5 14. Bc3 f4 15. e4 f3 16. g3 Kh8 17. h4 Rae8 18. b5 h6 19. Rb1 c6 20. b6 a6 21. Kd1 c5 22. Bxe5 Qxe5 23. Bd3 Qd4 24. Kc1 Ba4 25. Qxa4 Qxd3 26. Qc2 Qxe4 27. Rd1 Qg4 28. Rxd6 Re4 29. Kb2 Rxc4 30. Qd3 Re4 31. Rd1 c4 32. Qc3 Re2+ 33. R1d2 Rfe8 34. Rxh6+ Kg8 35. Rhd6 Qe4 36. R6d4 Rxd2+ 37. Rxd2 Qc6 38. Qd4 Re2 39. Kc3 Re4 40. Qd8+ Kh7 41. Rd5 Re6 42. Rh5+ Rh6 43. Rxh6+ Qxh6 44. Kxc4 Qc1+ 45. Kb3 Qb1+ 46. Kc3 Qc1+ 47. Kb3 Qb1+ 48. Kc3 Qe1+ 49. Qd2 Qe5+ 50. Qd4 Qa5+ 51. Qb4 Qe5+ 52. Qd4 Qa5+ 53. Kb3 Qb5+ 54. Kc2 Qe2+ 55. Kc3 Qe1+ 56. Kc4 Qe2+ 57. Kb3 1/2-1/2

[Event "Novokuznetsk U21 op"]
[Site "Novokuznetsk"]
[Date "2014.06.17"]
[Round "4"]
[White "Shukan, Mikhail"]
[Black "Buts, Nikita"]
[Result "0-1"]
[WhiteElo "2043"]
[BlackElo "1961"]
[PlyCount "62"]
[EventDate "2014.06.15"]
[EventType "swiss"]
[EventRounds "9"]
[EventCountry "RUS"]
[SourceTitle "EXT 2015"]
[Source "ChessBase"]
[SourceDate "2014.11.20"]
[SourceVersion "1"]
[SourceVersionDate "2014.11.20"]
[SourceQuality "1"]

1. e4 e6 2. d4 d5 3. exd5 exd5 4. Bd3 Bd6 5. Ne2 Qf6 6. c3 Ne7 7. Qc2 c6 8. Nd2 Bf5 9. Nf3 h6 10. Be3 Nd7 11. 0-0-0 0-0-0 12. Ng3 Bxd3 13. Qxd3 Bxg3 14. hxg3 Ng6 15. Rhe1 Rde8 16. Re2 Re6 17. Rde1 Rhe8 18. Nd2 Ne7 19. c4 Nf8 20. Nb3 dxc4 21. Qxc4 Nd7 22. Nc5 Nxc5 23. Qxc5 b6 24. Qc4 Kb7 25. Bf4 Nd5 26. Be5 Qg5+ 27. Kd1 Qf5 28. Kc1 f6 29. Bd6 b5 30. Rxe6 Rxe6 31. Rxe6 bxc4 0-1

[Event "Novokuznetsk Spring op"]
[Site "Novokuznetsk"]
[Date "2014.04.05"]
[Round "3"]
[White "Vorobyova, Alyona"]
[Black "Shukan, Mikhail"]
[Result "1/2-1/2"]
[WhiteElo "1991"]
[BlackElo "2053"]
[PlyCount "56"]
[EventDate "2014.03.29"]
[EventType "swiss"]
[EventRounds "9"]
[EventCountry "RUS"]
[SourceTitle "EXT 2015"]
[Source "ChessBase"]
[SourceDate "2014.11.20"]
[SourceVersion "1"]
[SourceVersionDate "2014.11.20"]
[SourceQuality "1"]

1. e4 c6 2. d4 d5 3. Nd2 dxe4 4. Nxe4 Nf6 5. Nxf6+ gxf6 6. c3 Bf5 7. Nf3 e6 8. g3 Bd6 9. Bg2 Qc7 10. 0-0 Nd7 11. Nh4 Bg6 12. b4 0-0-0 13. a4 e5 14. d5 c5 15. bxc5 Bxc5 16. Qb3 Bd3 17. Rd1 Bc4 18. Qb2 Nb6 19. a5 Nxd5 20. Rb1 b6 21. axb6 Nxb6 22. Re1 Bd5 23. Bh3+ Be6 24. Bg2 Rd6 25. Qe2 Rhd8 26. Qf3 Rd3 27. Qxf6 Be7 28. Qh6 Rxc3 1/2-1/2

[Event "Novokuznetsk Spring op"]
[Site "Novokuznetsk"]
[Date "2014.03.29"]
[Round "1"]
[White "Kitov, Viktor"]
[Black "Shukan, Mikhail"]
[Result "0-1"]
[WhiteElo "1874"]
[BlackElo "2053"]
[PlyCount "124"]
[EventDate "2014.03.29"]
[EventType "swiss"]
[EventRounds "9"]
[EventCountry "RUS"]
[SourceTitle "EXT 2015"]
[Source "ChessBase"]
[SourceDate "2014.11.20"]
[SourceVersion "1"]
[SourceVersionDate "2014.11.20"]
[SourceQuality "1"]

1. d4 Nf6 2. c4 d5 3. Nc3 c6 4. e3 a6 5. cxd5 cxd5 6. Nf3 Nc6 7. Ne5 e6 8. a3 Nxe5 9. dxe5 Nd7 10. f4 Bc5 11. b4 Ba7 12. Bd3 0-0 13. Qh5 g6 14. Qh6 f5 15. h4 Qe7 16. h5 Qg7 17. hxg6 hxg6 18. Qg5 Bb6 19. Rh6 Bd8 20. Qxg6 Qxg6 21. Rxg6+ Kh7 22. Rg3 Bh4 23. Kf2 Rg8 24. Ne2 Nb6 25. Bb2 Bxg3+ 26. Nxg3 Bd7 27. Nh5 Kg6 28. g4 Kf7 29. gxf5 exf5 30. Nf6 Rh8 31. Bd4 Rh2+ 32. Kg3 Rah8 33. Bf1 Bb5 34. Bg2 Nc4 35. Nxd5 Bc6 36. e6+ Kxe6 37. Bxh8 Rxh8 38. Nc7+ Kd6 39. Bxc6 Kxc7 40. Bd5 Nxe3 41. Rc1+ Kb6 42. Bb3 Rd8 43. Rc3 Nf1+ 44. Kg2 Nd2 45. Be6 Rd4 46. Bxf5 Rxf4 47. Bc8 Rc4 48. Rxc4 Nxc4 49. a4 Nb2 50. b5 a5 51. Bf5 Nxa4 52. Bd3 Nc3 53. Kf2 a4 54. Ke1 a3 55. Kd2 a2 56. Kxc3 a1Q+ 57. Kc2 Kc5 58. Kd2 Kd4 59. Bc2 Qc3+ 60. Kc1 Qa3+ 61. Kd2 Qe3+ 62. Kd1 Kc3 0-1

[Event "Novokuznetsk Kuzbass op"]
[Site "Novokuznetsk"]
[Date "2014.??.??"]
[Round "4"]
[White "Glukhov, Mikhail"]
[Black "Shukan, Mikhail"]
[Result "1/2-1/2"]
[WhiteElo "2152"]
[BlackElo "2053"]
[PlyCount "160"]
[EventDate "2014.08.11"]
[EventType "swiss"]
[EventRounds "9"]
[EventCountry "RUS"]
[SourceTitle "CBM 162 Extra"]
[Source "ChessBase"]
[SourceDate "2014.10.17"]
[SourceVersion "1"]
[SourceVersionDate "2014.10.17"]
[SourceQuality "1"]

1. e4 c6 2. d4 d5 3. Nc3 dxe4 4. Nxe4 Nf6 5. Nxf6+ gxf6 6. Bc4 Bf5 7. Ne2 e6 8. Be3 Bd6 9. Ng3 Bg6 10. Qe2 Nd7 11. 0-0-0 Qc7 12. Qf3 0-0-0 13. Ne4 Bxe4 14. Qxe4 Nb6 15. Bb3 Nd5 16. Bd2 Bf4 17. g3 Bxd2+ 18. Rxd2 f5 19. Qf3 Nf6 20. Qe3 Nd5 21. Qh6 Qe7 22. Re1 Qf6 23. Qh5 Nb6 24. Ree2 Rd7 25. c3 Rhd8 26. f4 Kb8 27. Rf2 Nc8 28. Qe2 Nd6 29. Bc2 a6 30. Qe5 Qxe5 31. dxe5 Nc4 32. Rxd7 Rxd7 33. Re2 Kc7 34. b3 Nb6 35. Rd2 Nd5 36. c4 Ne3 37. Rxd7+ Kxd7 38. Bd3 Ng4 39. h3 Nf2 40. Bf1 Ne4 41. g4 fxg4 42. hxg4 h6 43. Kc2 Nf2 44. Be2 Nh3 45. f5 Ng5 46. f6 c5 47. Kd3 Kc6 48. Ke3 b5 49. Bf1 bxc4 50. bxc4 Kb6 51. Kf4 Ka5 52. Kg3 Kb4 53. Be2 Kc3 54. Kf4 a5 55. Ke3 Nh3 56. Bd1 Ng5 57. Be2 a4 58. Bd1 Kxc4 59. Bxa4 Kb4 60. Bc6 Ka3 61. Kd3 Kb4 62. Bg2 Nh7 63. Bb7 Ng5 64. Bc6 Nh3 65. Bf3 Ng5 66. Bd1 Nh3 67. a3+ Kb5 68. Kc3 Nf4 69. Bf3 Ng6 70. Bd1 Nxe5 71. a4+ Kb6 72. Be2 Nd7 73. Kc4 Ka5 74. Bd1 Nxf6 75. Kxc5 Ne4+ 76. Kd4 Nf2 77. Be2 Kxa4 78. Ke5 Nh3 79. Kf6 Nf2 80. Kxf7 Nxg4 1/2-1/2

[Event "Novokuznetsk Kuzbass op"]
[Site "Novokuznetsk"]
[Date "2014.??.??"]
[Round "7"]
[White "Sitnikov, Dmitrij"]
[Black "Shukan, Mikhail"]
[Result "1-0"]
[WhiteElo "2468"]
[BlackElo "2053"]
[PlyCount "43"]
[EventDate "2014.08.11"]
[EventType "swiss"]
[EventRounds "9"]
[EventCountry "RUS"]
[SourceTitle "CBM 162 Extra"]
[Source "ChessBase"]
[SourceDate "2014.10.17"]
[SourceVersion "1"]
[SourceVersionDate "2014.10.17"]
[SourceQuality "1"]

1. e4 c6 2. Ne2 d5 3. e5 c5 4. d4 Nc6 5. c3 Bf5 6. Ng3 Bxb1 7. Rxb1 e6 8. a3 cxd4 9. cxd4 Qb6 10. Be3 Qa5+ 11. Bd2 Qb6 12. Bc3 Nh6 13. Bd3 g6 14. b4 Nf5 15. Nxf5 gxf5 16. 0-0 Rg8 17. Qa4 Rc8 18. f4 Qc7 19. b5 Ne7 20. b6+ Qd7 21. Qxd7+ Kxd7 22. bxa7 1-0

[Event "Novokuznetsk Summer op"]
[Site "Novokuznetsk"]
[Date "2013.06.26"]
[Round "8"]
[White "Shukan, Mikhail"]
[Black "Golovina, Darya"]
[Result "1/2-1/2"]
[WhiteElo "2055"]
[BlackElo "1973"]
[PlyCount "25"]
[EventDate "2013.06.17"]
[EventType "swiss"]
[EventRounds "9"]
[EventCountry "RUS"]
[SourceTitle "EXT 2014"]
[Source "ChessBase"]
[SourceDate "2013.11.20"]
[SourceVersion "1"]
[SourceVersionDate "2013.11.20"]
[SourceQuality "1"]

1. e4 d5 2. exd5 Qxd5 3. Nc3 Qa5 4. g3 c6 5. Bg2 Nf6 6. Nge2 Bg4 7. 0-0 e6 8. d3 Bd6 9. Be3 0-0 10. h3 Bh5 11. Qd2 Nbd7 12. Nf4 Bxf4 13. Bxf4 1/2-1/2

[Event "Novokuznetsk-ch"]
[Site "Novokuznetsk"]
[Date "2012.12.15"]
[Round "8"]
[White "Shukan, Mikhail"]
[Black "Shamne, Anton"]
[Result "0-1"]
[WhiteElo "2039"]
[BlackElo "2194"]
[PlyCount "104"]
[EventDate "2012.11.18"]
[EventType "swiss"]
[EventRounds "9"]
[EventCountry "RUS"]
[SourceTitle "EXT 2014"]
[Source "ChessBase"]
[SourceDate "2013.11.20"]
[SourceVersion "1"]
[SourceVersionDate "2013.11.20"]
[SourceQuality "1"]

1. e4 e5 2. Nf3 Nc6 3. d4 exd4 4. Bc4 Bb4+ 5. c3 dxc3 6. bxc3 Bc5 7. Bxf7+ Kxf7 8. Qd5+ Kf8 9. Qxc5+ Qe7 10. Qxe7+ Ngxe7 11. Bf4 d5 12. Bxc7 dxe4 13. Ng5 Bf5 14. Nd2 Nd5 15. Bd6+ Kg8 16. Ngxe4 Re8 17. f3 Nxc3 18. 0-0 Bxe4 19. Nxe4 Nxe4 20. fxe4 h6 21. e5 Kh7 22. Rae1 Re6 23. Rf7 Rhe8 24. Kf1 Nxe5 25. Bxe5 Rxe5 26. Rxe5 Rxe5 27. Rxb7 Ra5 28. Rb2 Ra3 29. g3 Kg6 30. Rf2 a5 31. Kg2 a4 32. Kh3 h5 33. Kg2 Kh6 34. h4 Kg6 35. Kh2 Rc3 36. Kg2 a3 37. Kh2 Rc1 38. Kh3 Rh1+ 39. Kg2 Rb1 40. Rf1 Rb2+ 41. Rf2 Kh7 42. Kf1 g5 43. hxg5 Kg6 44. Kg2 Kxg5 45. Kg1 Kg6 46. Kg2 Kg7 47. Kg1 Kh6 48. Kg2 Kg6 49. Kf1 Rb1+ 50. Kg2 Kg5 51. Rf3 Rb2+ 52. Rf2 Kg4 0-1

[Event "Novokuznetsk op"]
[Site "Novokuznetsk"]
[Date "2012.08.07"]
[Round "6"]
[White "Shukan, Mikhail"]
[Black "Zaitsev, Vadim"]
[Result "1/2-1/2"]
[WhiteElo "2044"]
[BlackElo "2352"]
[PlyCount "49"]
[EventDate "2012.08.02"]
[EventType "swiss"]
[EventRounds "9"]
[EventCountry "RUS"]
[SourceTitle "EXT 2013"]
[Source "ChessBase"]
[SourceDate "2012.11.22"]
[SourceVersion "1"]
[SourceVersionDate "2012.11.22"]
[SourceQuality "1"]

1. e4 c5 2. Nc3 e6 3. g3 d5 4. exd5 exd5 5. d3 Nc6 6. Bg2 Be6 7. Nge2 Nf6 8. 0-0 Be7 9. Nf4 Bg4 10. Qd2 d4 11. Ncd5 Nxd5 12. Nxd5 0-0 13. Nxe7+ Qxe7 14. Qg5 Qd7 15. Qxc5 Bh3 16. Bd2 Bxg2 17. Kxg2 Rac8 18. Qh5 f6 19. f4 Ne7 20. Rac1 Nf5 21. Rfe1 Rc5 22. Qf3 Rfc8 23. c4 dxc3 24. bxc3 Rd5 25. d4 1/2-1/2

[Event "Novokuznetsk School op"]
[Site "Novokuznetsk"]
[Date "2012.06.13"]
[Round "3"]
[White "Guzikov, Danil"]
[Black "Shukan, Mikhail"]
[Result "1-0"]
[WhiteElo "2147"]
[BlackElo "2040"]
[PlyCount "71"]
[EventDate "2012.06.13"]
[EventType "swiss"]
[EventRounds "9"]
[EventCountry "RUS"]
[SourceTitle "EXT 2022"]
[Source "ChessBase"]
[SourceDate "2021.10.06"]
[SourceVersion "1"]
[SourceVersionDate "2021.10.06"]
[SourceQuality "1"]

1. e4 d5 2. exd5 Qxd5 3. Nf3 Nf6 4. Nc3 Qa5 5. d4 c6 6. Bc4 Bf5 7. 0-0 e6 8. Re1 Bd6 9. Ne5 0-0 10. Bb3 Qc7 11. Bf4 Nd5 12. Bg3 Nxc3 13. bxc3 Nd7 14. Qf3 Nxe5 15. Bxe5 Bxe5 16. Rxe5 a5 17. a4 b5 18. Rc5 Qd7 19. Qxc6 Qxc6 20. Rxc6 b4 21. cxb4 axb4 22. f3 Rfd8 23. Rc4 Rac8 24. Rxc8 Rxc8 25. a5 Ra8 26. a6 Ra7 27. g4 Bg6 28. Kf2 Kf8 29. Ke3 Ke7 30. Kd2 f6 31. Bc4 Be8 32. Rb1 Rd7 33. Ke3 Bg6 34. Rxb4 Bxc2 35. Rb6 Rc7 36. Rb7 1-0

[Event "Novokuznetsk School op"]
[Site "Novokuznetsk"]
[Date "2012.06.13"]
[Round "9"]
[White "Izenev, Andrey"]
[Black "Shukan, Mikhail"]
[Result "0-1"]
[WhiteElo "1562"]
[BlackElo "2040"]
[PlyCount "64"]
[EventDate "2012.06.13"]
[EventType "swiss"]
[EventRounds "9"]
[EventCountry "RUS"]
[SourceTitle "EXT 2022"]
[Source "ChessBase"]
[SourceDate "2021.10.06"]
[SourceVersion "1"]
[SourceVersionDate "2021.10.06"]
[SourceQuality "1"]

1. e4 d5 2. exd5 Qxd5 3. Qf3 Qa5 4. Nc3 c6 5. Bc4 Nf6 6. d3 Nbd7 7. Bd2 Ne5 8. Qf4 Ng6 9. Qg5 Qxg5 10. Bxg5 Bf5 11. Nf3 h6 12. Bd2 Bg4 13. Nd4 e5 14. Nb3 b5 15. Nxb5 cxb5 16. Bxb5+ Bd7 17. Bc4 Bd6 18. 0-0 0-0 19. Rfe1 Bc7 20. Ba6 Bc6 21. c4 Rad8 22. c5 Nd5 23. Na5 Bxa5 24. Bxa5 Rb8 25. Rab1 Ndf4 26. g3 Ne6 27. b4 Nd4 28. Red1 Nf3+ 29. Kf1 Ba4 30. Kg2 Bxd1 31. Rxd1 Nd4 32. Rb1 Nc6 0-1

[Event "Novokuznetsk School op"]
[Site "Novokuznetsk"]
[Date "2012.06.13"]
[Round "2"]
[White "Shukan, Mikhail"]
[Black "Solovyev, Nikita"]
[Result "1/2-1/2"]
[WhiteElo "2040"]
[BlackElo "2120"]
[PlyCount "55"]
[EventDate "2012.06.13"]
[EventType "swiss"]
[EventRounds "9"]
[EventCountry "RUS"]
[SourceTitle "EXT 2022"]
[Source "ChessBase"]
[SourceDate "2021.10.06"]
[SourceVersion "1"]
[SourceVersionDate "2021.10.06"]
[SourceQuality "1"]

1. e4 e6 2. d4 d5 3. exd5 exd5 4. Bd3 Bd6 5. Ne2 Nf6 6. Bf4 Bg4 7. Bxd6 Qxd6 8. h3 Bh5 9. 0-0 0-0 10. c3 Re8 11. Qc2 Nbd7 12. Ng3 Bg6 13. Nd2 Re7 14. Nf3 Ne4 15. Bxe4 Bxe4 16. Nxe4 dxe4 17. Nd2 Rae8 18. Rae1 Qg6 19. Re3 f5 20. Qb3+ Kh8 21. f3 Nb6 22. fxe4 fxe4 23. Rfe1 c6 24. c4 Nd7 25. d5 Nc5 26. Qa3 b6 27. Nb3 Nxb3 28. Qxb3 1/2-1/2

[Event "Novokuznetsk Spring op"]
[Site "Novokuznetsk"]
[Date "2012.??.??"]
[Round "7"]
[White "Bogachev, Alexandr"]
[Black "Shukan, Mikhail"]
[Result "1/2-1/2"]
[WhiteElo "2053"]
[BlackElo "2040"]
[PlyCount "135"]
[EventDate "2012.04.04"]
[EventType "swiss"]
[EventRounds "9"]
[EventCountry "RUS"]
[SourceTitle "CBM 148 Extra"]
[Source "ChessBase"]
[SourceDate "2012.06.22"]
[SourceVersion "1"]
[SourceVersionDate "2012.06.22"]
[SourceQuality "1"]

1. d4 Nf6 2. Nd2 d6 3. e4 g6 4. Bc4 Bg7 5. Ne2 Nbd7 6. c3 e5 7. 0-0 0-0 8. Qc2 Nb6 9. Bb3 exd4 10. cxd4 d5 11. e5 Bf5 12. Qc3 Nfd7 13. Ng3 Be6 14. f4 c5 15. Nf3 cxd4 16. Nxd4 Rc8 17. Qe1 Nc5 18. Be3 Nc4 19. Nxe6 Nxe6 20. Bxc4 Rxc4 21. Rd1 d4 22. Kh1 Qb6 23. Bc1 Rd8 24. Ne4 Qc6 25. Rf2 Nc5 26. Nd6 Nd3 27. Rxd3 Rxc1 28. Rd1 Rc2 29. h3 Bf8 30. Ne4 d3 31. a3 Be7 32. Rfd2 Rd4 33. Nf2 Bh4 34. Qe3 Bxf2 35. Qxf2 Qe4 36. Re1 Rxd2 37. Rxe4 Rxf2 38. Rxd4 Rf1+ 39. Kh2 Rd1 40. Rd7 d2 41. Kg3 Kf8 42. Kf2 Ke8 43. Rd6 Ke7 44. Rd3 Ke6 45. g4 Rh1 46. Rxd2 Rxh3 47. Kg2 Rb3 48. Rd6+ Ke7 49. Rd2 h5 50. gxh5 gxh5 51. Kf2 Kf8 52. f5 Kg7 53. Rd7 Kf8 54. Rd2 Rb5 55. Kf3 Rxe5 56. Kf4 Rb5 57. b4 a5 58. Rd4 axb4 59. axb4 h4 60. Kg5 h3 61. Kf6 Rb6+ 62. Kg5 Kg7 63. Rh4 f6+ 64. Kh5 h2 65. Rxh2 Rxb4 66. Rd2 Kf7 67. Rd7+ Ke8 68. Rh7 1/2-1/2

[Event "Novokuznetsk Spring op"]
[Site "Novokuznetsk"]
[Date "2012.??.??"]
[Round "3"]
[White "Morozov, Vasiliy"]
[Black "Shukan, Mikhail"]
[Result "1/2-1/2"]
[WhiteElo "2018"]
[BlackElo "2040"]
[PlyCount "31"]
[EventDate "2012.04.04"]
[EventType "swiss"]
[EventRounds "9"]
[EventCountry "RUS"]
[SourceTitle "CBM 148 Extra"]
[Source "ChessBase"]
[SourceDate "2012.06.22"]
[SourceVersion "1"]
[SourceVersionDate "2012.06.22"]
[SourceQuality "1"]

1. e4 Nf6 2. e5 Nd5 3. c4 Nb6 4. d4 d6 5. Nf3 g6 6. exd6 cxd6 7. Nc3 Bg7 8. Be2 0-0 9. 0-0 Nc6 10. h3 e5 11. dxe5 Nxe5 12. Nxe5 dxe5 13. Qxd8 Rxd8 14. Bg5 f6 15. Be3 Be6 16. b3 1/2-1/2

[Event "Novokuznetsk Spring op"]
[Site "Novokuznetsk"]
[Date "2012.??.??"]
[Round "4"]
[White "Shukan, Mikhail"]
[Black "Komarov, Andrey"]
[Result "1-0"]
[WhiteElo "2040"]
[BlackElo "1885"]
[PlyCount "47"]
[EventDate "2012.04.04"]
[EventType "swiss"]
[EventRounds "9"]
[EventCountry "RUS"]
[SourceTitle "CBM 148 Extra"]
[Source "ChessBase"]
[SourceDate "2012.06.22"]
[SourceVersion "1"]
[SourceVersionDate "2012.06.22"]
[SourceQuality "1"]

1. e4 c5 2. Nc3 e6 3. Nge2 d5 4. exd5 exd5 5. d4 Nf6 6. Bg5 Be6 7. Nf4 Qb6 8. Bb5+ Nbd7 9. Bxf6 gxf6 10. Nfxd5 Bxd5 11. Nxd5 Qe6+ 12. Qe2 Qxe2+ 13. Kxe2 0-0-0 14. Rad1 a6 15. Bxd7+ Kxd7 16. Nxf6+ Ke6 17. Ne4 cxd4 18. Rd3 Ke5 19. Ng5 Kf6 20. h4 Rd7 21. Rhh3 h6 22. Rdf3+ Kg6 23. Nxf7 d3+ 24. cxd3 1-0

[Event "Novokuznetsk Spring op"]
[Site "Novokuznetsk"]
[Date "2012.??.??"]
[Round "2"]
[White "Shukan, Mikhail"]
[Black "Kuzmichev, Alexander"]
[Result "1/2-1/2"]
[WhiteElo "2040"]
[BlackElo "2024"]
[PlyCount "23"]
[EventDate "2012.04.04"]
[EventType "swiss"]
[EventRounds "9"]
[EventCountry "RUS"]
[SourceTitle "CBM 148 Extra"]
[Source "ChessBase"]
[SourceDate "2012.06.22"]
[SourceVersion "1"]
[SourceVersionDate "2012.06.22"]
[SourceQuality "1"]

1. e4 e5 2. Nf3 Nc6 3. d4 exd4 4. Nxd4 Nxd4 5. Qxd4 Ne7 6. Bc4 Nc6 7. Qd5 Qf6 8. Bg5 Qg6 9. 0-0 Bd6 10. Bh4 0-0 11. Nd2 Re8 12. c3 1/2-1/2

[Event "Novokuznetsk Spring op"]
[Site "Novokuznetsk"]
[Date "2012.??.??"]
[Round "8"]
[White "Shukan, Mikhail"]
[Black "Spirin, Alexandr"]
[Result "1-0"]
[WhiteElo "2040"]
[BlackElo "1923"]
[PlyCount "141"]
[EventDate "2012.04.04"]
[EventType "swiss"]
[EventRounds "9"]
[EventCountry "RUS"]
[SourceTitle "CBM 148 Extra"]
[Source "ChessBase"]
[SourceDate "2012.06.22"]
[SourceVersion "1"]
[SourceVersionDate "2012.06.22"]
[SourceQuality "1"]

1. e4 Nc6 2. Nc3 d6 3. Nge2 e5 4. d4 Be7 5. g3 Nf6 6. Bg2 0-0 7. 0-0 Kh8 8. f4 Bg4 9. h3 Bd7 10. d5 Na5 11. g4 exf4 12. Bxf4 Nc4 13. Qd4 b5 14. Ng3 Ne8 15. Nh5 Bg5 16. b3 Bxf4 17. Nxf4 Ne5 18. Nd3 Ng6 19. Rf2 a5 20. Raf1 Qe7 21. Ne2 c5 22. dxc6 Bxc6 23. Nef4 Nh4 24. Nd5 Bxd5 25. Qxd5 Nf6 26. Qd4 Nxg2 27. Rxg2 h6 28. e5 dxe5 29. Nxe5 Rfd8 30. Qc3 Kg8 31. g5 Nd5 32. Qg3 f6 33. gxf6 Nxf6 34. Nc6 Qc5+ 35. Kh1 Nh5 36. Qg6 Rf8 37. Re1 Qc3 38. Re7 Kh8 39. Qxh5 Qxc6 40. Qe5 Rf1+ 41. Kh2 Qf6 42. Qxf6 gxf6 43. Rb7 Rf5 44. a3 a4 45. Rd2 axb3 46. cxb3 Rg5 47. Rd6 Rxa3 48. Rd8+ Rg8 49. Rxg8+ Kxg8 50. Rxb5 Kg7 51. Kg3 Kg6 52. h4 h5 53. Kf4 Ra1 54. Rb8 Rf1+ 55. Ke4 Re1+ 56. Kd5 Kf5 57. b4 Kg4 58. b5 Kxh4 59. b6 Kg4 60. b7 Rb1 61. Rg8+ Kf3 62. b8Q Rxb8 63. Rxb8 h4 64. Rh8 Kg3 65. Ke4 h3 66. Ke3 Kg2 67. Ke2 f5 68. Rg8+ Kh1 69. Kf2 f4 70. Rh8 Kh2 71. Rh7 1-0

[Event "Novokuznetsk Spring op"]
[Site "Novokuznetsk"]
[Date "2012.??.??"]
[Round "9"]
[White "Shukan, Mikhail"]
[Black "Vladimirov, Mikhail"]
[Result "0-1"]
[WhiteElo "2040"]
[BlackElo "2184"]
[PlyCount "100"]
[EventDate "2012.04.04"]
[EventType "swiss"]
[EventRounds "9"]
[EventCountry "RUS"]
[SourceTitle "CBM 148 Extra"]
[Source "ChessBase"]
[SourceDate "2012.06.22"]
[SourceVersion "1"]
[SourceVersionDate "2012.06.22"]
[SourceQuality "1"]

1. e4 e6 2. d4 d5 3. exd5 exd5 4. Bd3 Bd6 5. Ne2 Nf6 6. Bf4 0-0 7. 0-0 Nc6 8. c3 Ne7 9. Nd2 Bg4 10. Bxd6 Qxd6 11. h3 Bh5 12. Qc2 Bg6 13. Ng3 Qf4 14. Bxg6 Nxg6 15. Rfe1 Rae8 16. Nf3 Ne4 17. Nxe4 dxe4 18. Nd2 f5 19. Re3 Kh8 20. Rae1 Qg5 21. Rg3 Qf6 22. Rge3 Nf4 23. Nb3 Nd5 24. Nc5 Nxe3 25. Rxe3 Qc6 26. Qa4 Qxa4 27. Nxa4 f4 28. Re2 f3 29. Re3 fxg2 30. Kxg2 Rf3 31. Rxe4 Rxf2+ 32. Kxf2 Rxe4 33. Nc5 Re8 34. b3 b6 35. Na6 c6 36. Nb4 Re6 37. d5 cxd5 38. Nxd5 Re5 39. c4 Kg8 40. Nb4 Ra5 41. a4 Rf5+ 42. Kg3 Rf1 43. Nc6 Rb1 44. b4 Rc1 45. Ne5 Kf8 46. Kf4 Ke7 47. Ke4 Kd6 48. Kd4 Rh1 49. c5+ bxc5+ 50. bxc5+ Kc7 0-1

[Event "Novokuznetsk op"]
[Site "Novokuznetsk"]
[Date "2011.08.13"]
[Round "3"]
[White "Shukan, Mikhail"]
[Black "Pereboev, Konstantin Gennadie"]
[Result "0-1"]
[WhiteElo "2079"]
[BlackElo "2248"]
[PlyCount "78"]
[EventDate "2011.08.11"]
[EventType "swiss"]
[EventRounds "9"]
[EventCountry "RUS"]
[SourceTitle "CBM 144 Extra"]
[Source "ChessBase"]
[SourceDate "2011.10.28"]
[SourceVersion "1"]
[SourceVersionDate "2011.10.28"]
[SourceQuality "1"]

1. e4 e6 2. d4 c5 3. Ne2 cxd4 4. Nxd4 Nc6 5. Be3 Nf6 6. Nd2 Be7 7. c3 0-0 8. Bd3 d5 9. f3 e5 10. Ne2 Be6 11. 0-0 Rc8 12. Bf2 dxe4 13. Nxe4 Nxe4 14. Bxe4 Qa5 15. f4 Rfd8 16. Qc2 Bc4 17. Bxh7+ Kh8 18. Bf5 Ra8 19. b3 Ba6 20. Rfe1 Bc5 21. Ng3 exf4 22. Ne2 Bxf2+ 23. Kxf2 Qc5+ 24. Kf1 g6 25. Be4 Ne5 26. c4 Ng4 27. Nxf4 Ne3+ 28. Rxe3 Qxe3 29. Nd5 Rxd5 30. Bxd5 Rd8 31. Rd1 b5 32. Qc1 Qb6 33. Rd3 bxc4 34. bxc4 Rd6 35. Rh3+ Kg8 36. Rd3 Qc5 37. Qd2 Rxd5 38. cxd5 Qxd5 39. Ke2 Qe4+ 0-1